[Event "Buryatia-ch 3rd"]
[Site "Ulan-Ude"]
[Date "2015.01.08"]
[Round "7"]
[White "Irinchinov, Vladimir"]
[Black "Zhaltsanov, Igor"]
[Result "1-0"]
[WhiteElo "1993"]
[BlackElo "1941"]
[PlyCount "115"]
[EventDate "2015.01.05"]
[EventType "swiss"]
[EventRounds "9"]
[EventCountry "RUS"]
[SourceTitle "CBM 164 Extra"]
[Source "ChessBase"]
[SourceDate "2015.03.02"]
[SourceVersion "1"]
[SourceVersionDate "2015.03.02"]
[SourceQuality "1"]

1. e4 e5 2. Nf3 Nc6 3. Bb5 a6 4. Ba4 Nf6 5. 0-0 Be7 6. Re1 b5 7. Bb3 d6 8. c3 0-0 9. h3 Na5 10. Bc2 c5 11. d4 Nc6 12. Nbd2 cxd4 13. cxd4 Qc7 14. Nb3 Bb7 15. Bb1 Rfe8 16. d5 Na5 17. Nxa5 Qxa5 18. Bd2 Qc7 19. Bd3 Rec8 20. Qe2 Qd7 21. Rec1 Bd8 22. Rxc8 Bxc8 23. b3 Qb7 24. Ne1 Bd7 25. Nc2 h6 26. Rc1 a5 27. Na3 Rb8 28. Qe1 Ra8 29. Qe2 Rb8 30. Kh2 Nh7 31. f4 exf4 32. Bxf4 Bg5 33. Qd2 Qb6 34. Bxg5 hxg5 35. Qe2 b4 36. Nc4 Qd4 37. Rc2 Re8 38. Qf3 g4 39. Qg3 Nf6 40. Qe3 Qxe3 41. Nxe3 gxh3 42. gxh3 Nxe4 43. Rc7 Nc5 44. Nc4 Bb5 45. Nxd6 Nxd3 46. Nxe8 Bxe8 47. d6 Kf8 48. d7 Bxd7 49. Rxd7 Nc1 50. Rd2 Ke7 51. Kg3 Kf6 52. Kf4 g5+ 53. Ke3 a4 54. bxa4 b3 55. axb3 Nxb3 56. Rd5 Na1 57. Kd3 Ke6 58. Rb5 1-0

[Event "Buryatia-ch Superfinal 2nd"]
[Site "Ulan-Ude"]
[Date "2014.01.09"]
[Round "7"]
[White "Irinchinov, Vladimir"]
[Black "Dambaev, Bilikto"]
[Result "1-0"]
[WhiteElo "1995"]
[BlackElo "1938"]
[PlyCount "59"]
[EventDate "2014.01.05"]
[EventType "swiss"]
[EventRounds "9"]
[EventCountry "RUS"]
[SourceTitle "EXT 2015"]
[Source "ChessBase"]
[SourceDate "2014.11.20"]
[SourceVersion "1"]
[SourceVersionDate "2014.11.20"]
[SourceQuality "1"]

1. e4 c5 2. Nf3 Nc6 3. d4 cxd4 4. Nxd4 e5 5. Nb5 d6 6. N1c3 a6 7. Na3 Be7 8. Nd5 b5 9. c4 b4 10. Nc2 Rb8 11. Bd3 Nf6 12. Nxf6+ Bxf6 13. 0-0 0-0 14. Ne3 Bg5 15. Nd5 Nd4 16. Be3 Ne6 17. Qd2 Bxe3 18. Qxe3 Nc5 19. Bc2 Be6 20. Rad1 Kh8 21. f4 exf4 22. Qxf4 Rb7 23. e5 Rd7 24. Qe3 Qa5 25. Bb1 h6 26. Nf6 Rdd8 27. exd6 Bxc4 28. Rf5 Qa4 29. Rd4 Bxa2 30. Rh4 1-0

[Event "Buryatia-ch Superfinal 2nd"]
[Site "Ulan-Ude"]
[Date "2014.01.08"]
[Round "6"]
[White "Irinchinov, Vladimir"]
[Black "Zhaltsanov, Igor"]
[Result "1-0"]
[WhiteElo "1995"]
[BlackElo "1888"]
[PlyCount "95"]
[EventDate "2014.01.05"]
[EventType "swiss"]
[EventRounds "9"]
[EventCountry "RUS"]
[SourceTitle "EXT 2015"]
[Source "ChessBase"]
[SourceDate "2014.11.20"]
[SourceVersion "1"]
[SourceVersionDate "2014.11.20"]
[SourceQuality "1"]

1. e4 e5 2. Nf3 Nc6 3. Bb5 a6 4. Ba4 Nf6 5. 0-0 b5 6. Bb3 Bc5 7. c3 d6 8. d4 Bb6 9. h3 h6 10. a4 Bb7 11. axb5 axb5 12. Rxa8 Qxa8 13. Na3 0-0 14. d5 Ne7 15. Bc2 Rd8 16. Qe2 Nh5 17. Kh2 f5 18. c4 bxc4 19. Nxc4 fxe4 20. Nfxe5 Nf6 21. Nxb6 cxb6 22. Ng4 Nexd5 23. Bxe4 Re8 24. Bxd5+ Nxd5 25. Qd3 h5 26. Nh6+ gxh6 27. Qg6+ Kf8 28. Bxh6+ Ke7 29. Re1+ Kd7 30. Qf5+ Kc7 31. Qf7+ Re7 32. Rxe7+ Nxe7 33. Qxe7+ Kc6 34. Bf4 Kb5 35. Qe2+ Kc6 36. Qc4+ Kd7 37. Qf7+ Kc6 38. Qxh5 Qa1 39. Qe8+ Kc5 40. Qe3+ Kc6 41. Qe8+ Kc5 42. Be3+ Kb4 43. Qd8 b5 44. Qxd6+ Kb3 45. Qd3+ Ka4 46. Qd4+ Kb3 47. Qc3+ Ka4 48. b3+ 1-0

[Event "Ulan-Ude Buryatia-ch"]
[Site "Ulan-Ude"]
[Date "2013.08.24"]
[Round "4"]
[White "Snetkov, Ivan"]
[Black "Irinchinov, Vladimir"]
[Result "1-0"]
[WhiteElo "1947"]
[BlackElo "2006"]
[PlyCount "77"]
[EventDate "2013.08.22"]
[EventType "swiss"]
[EventRounds "9"]
[EventCountry "RUS"]
[SourceTitle "CBM 156 Extra"]
[Source "ChessBase"]
[SourceDate "2013.10.22"]
[SourceVersion "1"]
[SourceVersionDate "2013.10.22"]
[SourceQuality "1"]

1. e4 e5 2. Nf3 Nc6 3. Bc4 Nf6 4. Ng5 d5 5. exd5 Na5 6. Bb5+ c6 7. dxc6 bxc6 8. Be2 h6 9. Nf3 e4 10. Ne5 Bc5 11. c3 Bd6 12. d4 exd3 13. Nxd3 0-0 14. 0-0 Qc7 15. h3 Re8 16. Nd2 Bf5 17. Nf3 Rad8 18. Nd4 Bxd3 19. Bxd3 c5 20. Nb5 Bh2+ 21. Kh1 Qb8 22. Qf3 c4 23. Bc2 Be5 24. Nd4 Bxd4 25. cxd4 Rxd4 26. Qc3 Qd8 27. Be3 Rd7 28. Bb1 Ne4 29. Qc2 Rd3 30. Re1 Rd7 31. b4 cxb3 32. axb3 Rb7 33. Rd1 Nd6 34. Qh7+ Kf8 35. Bc5 Rd7 36. Qh8+ Ke7 37. Re1+ Kf6 38. Bd4+ Kg5 39. Qxg7+ 1-0

[Event "Ulan-Ude Bajkal op 9th"]
[Site "Ulan-Ude"]
[Date "2013.07.05"]
[Round "6"]
[White "Khakhanov, Vladimir"]
[Black "Irinchinov, Vladimir"]
[Result "0-1"]
[WhiteElo "1938"]
[BlackElo "2018"]
[PlyCount "114"]
[EventDate "2013.07.01"]
[EventType "swiss"]
[EventRounds "9"]
[EventCountry "RUS"]
[SourceTitle "EXT 2014"]
[Source "ChessBase"]
[SourceDate "2013.11.20"]
[SourceVersion "1"]
[SourceVersionDate "2013.11.20"]
[SourceQuality "1"]

1. c4 e6 2. Nc3 b6 3. d3 Bb7 4. Nf3 Bb4 5. Qb3 a5 6. a3 Be7 7. Bf4 Nf6 8. Nb5 d6 9. c5 a4 10. Qc2 bxc5 11. d4 c6 12. Nc3 cxd4 13. Na2 0-0 14. e3 e5 15. Bg5 c5 16. exd4 e4 17. Nd2 cxd4 18. Rc1 Na6 19. Bxa6 Bxa6 20. Qxa4 h6 21. Bh4 e3 22. fxe3 dxe3 23. Nc4 d5 24. Ne5 Ne4 25. Bxe7 Qxe7 26. Nf3 Nf2 27. Qd4 Nxh1 28. Rc3 Rfe8 29. Nb4 Bc4 30. Nc2 Qe4 31. Qxe4 Rxe4 32. b3 Ba6 33. a4 Rc8 34. Rxc8+ Bxc8 35. Ncd4 Nf2 36. Ke2 Ba6+ 37. Ke1 Nd3+ 38. Kd1 e2+ 39. Nxe2 Nb2+ 40. Kc2 Rxe2+ 41. Kc3 Nd1+ 42. Kb4 Rb2 43. Ka3 Rxg2 44. b4 Bc4 45. b5 Rb2 46. Nd4 Rb1 47. h3 f5 48. a5 Bxb5 49. Nxf5 Bc4 50. Nd4 Nc3 51. h4 g5 52. hxg5 hxg5 53. a6 Bxa6 54. Nb5 Nxb5+ 55. Ka4 Nc3+ 56. Ka5 d4 57. Kxa6 d3 0-1

[Event "Ulan-Ude Bajkal op 9th"]
[Site "Ulan-Ude"]
[Date "2013.07.04"]
[Round "4"]
[White "Snetkov, Ivan"]
[Black "Irinchinov, Vladimir"]
[Result "0-1"]
[WhiteElo "1944"]
[BlackElo "2018"]
[PlyCount "122"]
[EventDate "2013.07.01"]
[EventType "swiss"]
[EventRounds "9"]
[EventCountry "RUS"]
[SourceTitle "EXT 2014"]
[Source "ChessBase"]
[SourceDate "2013.11.20"]
[SourceVersion "1"]
[SourceVersionDate "2013.11.20"]
[SourceQuality "1"]

1. e4 e5 2. Nf3 Nc6 3. Bc4 Nf6 4. d3 Be7 5. 0-0 0-0 6. Nbd2 d6 7. a4 Na5 8. Ba2 c5 9. c3 Nc6 10. Re1 Bg4 11. Nf1 Qd7 12. h3 Be6 13. Ne3 Bxa2 14. Rxa2 g6 15. Nd5 Nxd5 16. exd5 Nd8 17. d4 cxd4 18. cxd4 f6 19. Qd3 Nf7 20. b3 Rfc8 21. Ba3 a6 22. Ree2 Bf8 23. Rec2 Rxc2 24. Rxc2 Rc8 25. Rc4 Rxc4 26. Qxc4 e4 27. Nd2 f5 28. Qc3 Bh6 29. Nc4 Bf8 30. Bb4 Qc8 31. Ba5 Be7 32. Nb6 Qxc3 33. Bxc3 Kf8 34. Nc4 Ke8 35. b4 Kd7 36. Kf1 Nh6 37. b5 axb5 38. axb5 Ng8 39. Bb4 Nf6 40. Nb6+ Ke8 41. Nc8 Nxd5 42. Bxd6 Kd7 43. Nxe7 Kxd6 44. Ng8 Kc7 45. Nh6 Kb6 46. Nf7 Kxb5 47. g3 b6 48. Ne5 Kb4 49. Ke2 Kc3 50. g4 b5 51. gxf5 gxf5 52. Kd1 b4 53. Nd7 Kxd4 54. Kc2 f4 55. Nf8 e3 56. Ne6+ Ke5 57. fxe3 Kxe6 58. exf4 Nxf4 59. Kb3 Nd5 60. Kc4 h5 61. h4 Kf5 0-1

[Event "Ulan-Ude Bajkal op 9th"]
[Site "Ulan-Ude"]
[Date "2013.07.03"]
[Round "3"]
[White "Irinchinov, Vladimir"]
[Black "Obolenskikh, Dmitry Aleksandrovi"]
[Result "0-1"]
[WhiteElo "2018"]
[BlackElo "2489"]
[PlyCount "70"]
[EventDate "2013.07.01"]
[EventType "swiss"]
[EventRounds "9"]
[EventCountry "RUS"]
[SourceTitle "EXT 2014"]
[Source "ChessBase"]
[SourceDate "2013.11.20"]
[SourceVersion "1"]
[SourceVersionDate "2013.11.20"]
[SourceQuality "1"]

1. e4 c5 2. Nf3 g6 3. c3 Bg7 4. Bc4 e6 5. 0-0 Ne7 6. Re1 Nbc6 7. d3 0-0 8. Bg5 a6 9. a4 Na5 10. Qc1 b5 11. Ba2 Bb7 12. axb5 axb5 13. Nbd2 d6 14. Nb3 Nxb3 15. Bxb3 Rxa1 16. Qxa1 Qc7 17. Qc1 Nc6 18. Qd2 Ra8 19. h4 c4 20. Bc2 Ra2 21. Bb1 Ra1 22. d4 e5 23. dxe5 dxe5 24. h5 f6 25. Bh6 Qd8 26. hxg6 hxg6 27. Qe3 Ne7 28. Bxg7 Kxg7 29. Qc5 Qd7 30. Kf1 Rxb1 31. Rxb1 Qd3+ 32. Kg1 Qxb1+ 33. Kh2 Kf7 34. Qxb5 Qxe4 35. Qb6 Qf4+ 0-1

[Event "Buryatia-ch"]
[Site "Ulan-Ude"]
[Date "2012.09.26"]
[Round "5"]
[White "Mogloev, Alexander"]
[Black "Irinchinov, Vladimir"]
[Result "0-1"]
[WhiteElo "1766"]
[BlackElo "1996"]
[PlyCount "122"]
[EventDate "2012.09.22"]
[EventType "swiss"]
[EventRounds "9"]
[EventCountry "RUS"]
[SourceTitle "CBM 150 Extra"]
[Source "ChessBase"]
[SourceDate "2012.10.19"]
[SourceVersion "1"]
[SourceVersionDate "2012.10.19"]
[SourceQuality "1"]

1. c4 e5 2. Nc3 Nf6 3. g3 Bb4 4. Bg2 0-0 5. e3 Re8 6. Nge2 Nc6 7. 0-0 d6 8. b3 Bg4 9. Bb2 Qd7 10. Nd5 Nxd5 11. Bxd5 Rab8 12. a3 Bc5 13. Bg2 Bb6 14. d3 Nd8 15. Qd2 f6 16. Nc3 c6 17. d4 Nf7 18. Rae1 Rbd8 19. Na4 e4 20. Nxb6 axb6 21. f3 exf3 22. Bxf3 Bxf3 23. Rxf3 Ng5 24. Rff1 d5 25. Qg2 Re4 26. h4 Ne6 27. Qf3 Re8 28. Qf5 Qd6 29. Kg2 Nc7 30. Qf3 Qe6 31. Bc1 Re7 32. Qf5 Qxf5 33. Rxf5 Kf7 34. Ref1 R7e6 35. R5f4 Kg6 36. Rxe4 Rxe4 37. Kf3 h5 38. cxd5 cxd5 39. Bd2 Re6 40. Rc1 Rc6 41. a4 Rxc1 42. Bxc1 b5 43. Ba3 bxa4 44. bxa4 Kf5 45. Bd6 Ne6 46. a5 g5 47. Bb8 Nf8 48. hxg5 fxg5 49. e4+ dxe4+ 50. Ke3 Nd7 51. Bd6 Nf6 52. Ke2 Nd5 53. Be5 Kg4 54. Kf2 Kf5 55. Bd6 e3+ 56. Kf3 g4+ 57. Ke2 Ke4 58. Be5 Nc3+ 59. Ke1 Nb5 60. Bf6 Nxd4 61. Bd8 Kd3 0-1

[Event "Ulan-Ude VIII festival Baikal"]
[Site "Ulan-Ude"]
[Date "2012.06.27"]
[Round "3.5"]
[White "Irinchinov, Vladimir"]
[Black "Mogloev, Alexander"]
[Result "1-0"]
[WhiteElo "2014"]
[BlackElo "1774"]
[PlyCount "77"]
[EventDate "2012.06.26"]
[EventType "swiss"]
[EventRounds "9"]
[EventCountry "RUS"]
[SourceTitle "EXT 2022"]
[Source "ChessBase"]
[SourceDate "2021.10.06"]
[SourceVersion "1"]
[SourceVersionDate "2021.10.06"]
[SourceQuality "1"]

1. e4 c5 2. Nf3 e6 3. d4 cxd4 4. Nxd4 a6 5. Bd3 Qc7 6. 0-0 Nf6 7. Nc3 Nc6 8. Nxc6 bxc6 9. Bg5 Be7 10. Qd2 d5 11. Rae1 Bb7 12. e5 Nd7 13. Bxe7 Kxe7 14. Qg5+ Kf8 15. Kh1 Qd8 16. Qg4 Qe7 17. f4 g6 18. Qh3 Kg7 19. Qg3 Kf8 20. a3 c5 21. b3 Nb6 22. a4 Bc6 23. Qf2 d4 24. Be4 Bxe4 25. Nxe4 Nd5 26. Nd6 Ne3 27. Rxe3 dxe3 28. Qxe3 Qc7 29. f5 exf5 30. Qh6+ Ke7 31. Qg7 Kd7 32. Nxf7 Rhg8 33. Rd1+ Kc6 34. Qf6+ Kb7 35. e6 Rge8 36. Nd6+ Ka7 37. Nxe8 Rxe8 38. h3 Re7 39. Qxe7 1-0

[Event "Chigorin Memorial 19th"]
[Site "St Petersburg"]
[Date "2011.10.22"]
[Round "9"]
[White "Chernyak, Viktoria"]
[Black "Irinchinov, Vladimir"]
[Result "0-1"]
[WhiteElo "1808"]
[BlackElo "2050"]
[PlyCount "138"]
[EventDate "2011.10.14"]
[EventType "swiss"]
[EventRounds "9"]
[EventCountry "RUS"]
[SourceTitle "CBM 144 Extra"]
[Source "ChessBase"]
[SourceDate "2011.10.28"]
[SourceVersion "1"]
[SourceVersionDate "2011.10.28"]
[SourceQuality "1"]

1. e4 c5 2. Nf3 d6 3. d4 cxd4 4. Nxd4 Nf6 5. Nc3 a6 6. a4 e5 7. Nf3 Be7 8. Be2 0-0 9. 0-0 h6 10. h3 Be6 11. Be3 Nc6 12. Qd2 Rc8 13. Rfd1 Re8 14. Bd3 Bf8 15. Rab1 Nb4 16. Kh1 Qc7 17. Rbc1 d5 18. exd5 Nfxd5 19. Nxd5 Bxd5 20. Nh4 Nxd3 21. Qxd3 Rcd8 22. Qe2 Qd7 23. Qg4 Qxg4 24. hxg4 g6 25. Rd2 Bc6 26. b3 Rxd2 27. Bxd2 Rd8 28. Be3 e4 29. Kh2 Ba3 30. Re1 Bb4 31. Rc1 Ba3 32. Re1 Kh7 33. g3 Bb4 34. Rc1 Bc3 35. Ng2 g5 36. Rb1 a5 37. Rc1 Kg6 38. Ne1 Rd6 39. Ng2 Bd7 40. Bc5 Rc6 41. Rd1 Bxg4 42. Rd6+ Rxd6 43. Bxd6 Be6 44. Ne3 f5 45. Kg2 Kf6 46. Bc7 Ke7 47. Kf1 Kd7 48. Bb6 Kc6 49. Bd8 b6 50. Ke2 f4 51. gxf4 gxf4 52. Nc4 Bxc4+ 53. bxc4 Bd4 54. f3 e3 55. Be7 Kd7 56. Bh4 Bc5 57. Kd3 Be7 58. Be1 Ke6 59. Ke4 Bg5 60. c5 bxc5 61. Bxa5 Bh4 62. Kd3 Bg3 63. Bd8 Kd7 64. Bf6 h5 65. a5 h4 66. a6 Kc6 67. Be7 h3 68. Bxc5 h2 69. a7 Kb7 0-1

[Event "St Petersburg Botvinnik 100 op"]
[Site "St Petersburg"]
[Date "2011.08.20"]
[Round "9"]
[White "Shirokov, Alexander"]
[Black "Irinchinov, Vladimir"]
[Result "1/2-1/2"]
[WhiteElo "1888"]
[BlackElo "2067"]
[PlyCount "111"]
[EventDate "2011.08.12"]
[EventType "swiss"]
[EventRounds "9"]
[EventCountry "RUS"]
[SourceTitle "CBM 143 Extra"]
[Source "ChessBase"]
[SourceDate "2011.08.29"]
[SourceVersion "1"]
[SourceVersionDate "2011.08.29"]
[SourceQuality "1"]

1. d4 d5 2. c4 c6 3. Nf3 Nf6 4. Qc2 dxc4 5. Qxc4 Bf5 6. g3 e6 7. Bg2 Qa5+ 8. Nc3 b5 9. Qb3 b4 10. Nd1 Be4 11. Ne3 Qb5 12. Qc4 Be7 13. 0-0 0-0 14. Bd2 Nbd7 15. Rac1 Rfc8 16. Ne1 Bxg2 17. Kxg2 Ne4 18. Nf3 Nb6 19. Qc2 Nxd2 20. Qxd2 Rd8 21. Qc2 Rac8 22. Nc4 c5 23. Nxb6 axb6 24. Rfd1 c4 25. Ne5 Qa6 26. e3 b5 27. h4 Qb7+ 28. Kg1 f6 29. Ng4 Ra8 30. b3 c3 31. e4 Qb6 32. d5 exd5 33. exd5 Bc5 34. h5 Qd6 35. Kg2 Qd7 36. Ne3 Bxe3 37. fxe3 Qg4 38. Rd4 Qxh5 39. e4 Qg5 40. Rxb4 Rxa2 41. Qxa2 Qxc1 42. Qf2 Qb1 43. Qb6 Rf8 44. Qe6+ Kh8 45. Rxb5 c2 46. Qd6 Rg8 47. Rb8 c1Q 48. Rxg8+ Kxg8 49. Qd8+ Kf7 50. Qd7+ Kg6 51. Qf5+ Kh6 52. Qh3+ Kg5 53. Qf5+ Kh6 54. Qh3+ Kg6 55. Qf5+ Kf7 56. Qd7+ 1/2-1/2

[Event "Ulan-Ude op"]
[Site "Ulan-Ude"]
[Date "2011.01.18"]
[Round "6"]
[White "Irinchinov, Vladimir"]
[Black "Tsyrennimaev, Valeriy"]
[Result "1-0"]
[WhiteElo "1996"]
[BlackElo "2116"]
[PlyCount "67"]
[EventDate "2011.01.15"]
[EventType "swiss"]
[EventRounds "9"]
[EventCountry "RUS"]
[SourceTitle "CBM 140 Extra"]
[Source "ChessBase"]
[SourceDate "2011.03.01"]
[SourceVersion "1"]
[SourceVersionDate "2011.03.01"]
[SourceQuality "1"]

1. d4 Nf6 2. c4 e6 3. g3 d5 4. Bg2 dxc4 5. Nf3 b5 6. Ne5 Nd5 7. 0-0 Bb7 8. a4 c6 9. e4 Nb6 10. Nc3 a6 11. Be3 Bb4 12. Qg4 Kf8 13. h4 N8d7 14. f4 Bxc3 15. bxc3 Nxa4 16. f5 Nxe5 17. dxe5 h5 18. Qf3 Qe8 19. fxe6 Qxe6 20. Bh3 Qe8 21. e6 Bc8 22. Rxa4 Bxe6 23. Bxe6 Qxe6 24. Ra2 a5 25. Raf2 f6 26. Bd4 Kg8 27. e5 fxe5 28. Re2 Rc8 29. Rxe5 Qd7 30. Qe3 c5 31. Bxc5 Rh6 32. Bd4 Rc7 33. Re8+ Kh7 34. Qe4+ 1-0